Violence against women and their exploitation in India / (Record no. 17999)

MARC details
000 -LEADER
fixed length control field 008500000a22002290004500
003 - CONTROL NUMBER IDENTIFIER
control field dpl
005 - DATE AND TIME OF LATEST TRANSACTION
control field 20081031125016.0
008 - FIXED-LENGTH DATA ELEMENTS--GENERAL INFORMATION
fixed length control field 081031t xxu||||| |||| 00| 0 eng d
010 ## - LIBRARY OF CONGRESS CONTROL NUMBER
LC control number ENG-84696
020 ## - INTERNATIONAL STANDARD BOOK NUMBER
International Standard Book Number 8186772197
Terms of availability 615.00 (hb)
035 ## - SYSTEM CONTROL NUMBER
System control number EN-68229
040 ## - CATALOGING SOURCE
Transcribing agency dpl
082 ## - DEWEY DECIMAL CLASSIFICATION NUMBER
Classification number 305.4
245 ## - TITLE STATEMENT
Title Violence against women and their exploitation in India /
Statement of responsibility, etc edited by Dharam Vir
260 ## - PUBLICATION, DISTRIBUTION, ETC. (IMPRINT)
Place of publication, distribution, etc New Delhi
Name of publisher, distributor, etc New Academic Publishers
Date of publication, distribution, etc 2006
270 ## - ADDRESS
Address 4760-61, 23, Ansari Road, Darya Ganj, New Delhi-110002
300 ## - PHYSICAL DESCRIPTION
Extent viii,235p
Dimensions 21cm
500 ## - GENERAL NOTE
General note Includes bibliographical references and index
700 ## - ADDED ENTRY--PERSONAL NAME
Personal name Dharam Vir
Titles and other words associated with a name ed
942 ## - ADDED ENTRY ELEMENTS (KOHA)
Source of classification or shelving scheme Dewey Decimal Classification
Koha item type English Books
Classification part 305.4
Call number suffix VIO
Holdings
Withdrawn status Lost status Source of classification or shelving scheme Damaged status Not for loan Home library Current library Date acquired Cost, normal purchase price Total Checkouts Full call number Barcode Date last seen Copy number Cost, replacement price Price effective from Koha item type
    Dewey Decimal Classification   Not For Loan D.B.Act.Division D.B.Act.Division 26/03/2007 615.00   305.4 VIO EN-68229 04/11/2008 1 615.00 04/11/2008 English Books

© Delhi Public Library
Hit Counter
free hit counter